000 00486cam a2200157 4500500
005 20260208003818.0
041 _afre
042 _adc
100 1 0 _aBoutet, Josiane
_eauthor
700 1 0 _aDemazière, Didier
_eauthor
245 0 0 _aLettre à nos lecteurs
260 _c2005.
500 _a17
786 0 _nLangage et société | 114 | 4 | 2005-12-01 | p. 5-7 | 0181-4095
856 4 1 _uhttps://shs.cairn.info/revue-langage-et-societe-2005-4-page-5?lang=fr&redirect-ssocas=7080
999 _c1649019
_d1649019